000 00376nam a22001337a 4500
082 _a621.3192
_bJEN
100 _aJenkins, B.D.
_941431
245 _aElectrical Installation Calculations
260 _aLondon
_bBlackwell Scientific Publications
300 _axvi, 181 p. :
_bill, :
_c6 Cm
526 _a0
_b0
_c0
_d621_319200000000000_JEN
650 _aD
_96527
942 _2ddc
_cBK
999 _c545539
_d545539